00798nam a22002177a 450000500170000000800410001701000140005802000260007202000230009803500130012103700180013404000130015208200120016524500500017726000460022727000620027330000310033549001450036650000500051170000190056120100719151340.0100719t xxu||||| |||| 00| 0 eng d aENG-96422 c375.00a9780198069133 c375.00a0198069138 aEN-79955 bD.B.Act / Pub adplbEng a954.083 aThe 1857 rebellion /cedited by Biswamoy Pati aNew DelhibOxford University Pressc2010 aYMCA Library Building, Jai Singh RoadbNew Delhie110001 axliii, 324p.c22 cm ( pbk) aOxford in India readings: debates in Indian history and society/edited by Sayasachi Bhattacharya, B.D. Chattopadhyaya [and] Richard M. Eaton aIncludes bibliographical references and index aPati, Biswamoy